Les choix technologiques dans les pays les moins avancés.

Potrebná dynamická typológia. Úloha vedy a techniky pri rozvoji. Rozširovanie technológie je faktorom naprávania chýb. Ovládanie výroby a používanie novej technológie. Limity nehmotnej ekonomiky. Potreba rozmanitej technológie. Aký má byť základný výskum? Prebytok vysokokvalifikovaných osôb a nedost...

Descrizione completa

Salvato in:
Dettagli Bibliografici
Autore principale: Salomon, J.J
Natura: Capitolo di libro
Lingua:francese
Soggetti:
Tags: Aggiungi Tag
Nessun Tag, puoi essere il primo ad aggiungerne!!

MARC

LEADER 00000naa a2200000 4500
001 r008756
005 20220913125047.8
041 0 |a fre 
044 |a FR 
245 1 0 |a Les choix technologiques dans les pays les moins avancés.  |c J.J. Salomon 
520 |a Potrebná dynamická typológia. Úloha vedy a techniky pri rozvoji. Rozširovanie technológie je faktorom naprávania chýb. Ovládanie výroby a používanie novej technológie. Limity nehmotnej ekonomiky. Potreba rozmanitej technológie. Aký má byť základný výskum? Prebytok vysokokvalifikovaných osôb a nedostatok technikov. (OCDE, La gestion du progres technologique dans les pays les moins avancés, 1991). 
610 2 0 |a technológie nové 
610 2 0 |a krajiny rozvojové 
610 2 0 |a rozvoj vedeckotechnický 
610 2 0 |a rozvoj hospodársky 
610 2 0 |a výskum základný 
610 2 0 |a pracovníci technickí 
610 2 0 |a pracovníci kvalifikovaní 
100 1 |a Salomon, J.J.